| 000 | 01150nam a2200217 i 4500 | ||
|---|---|---|---|
| 001 | 182418 | ||
| 003 | ES-MaACL | ||
| 005 | 20250902235301.0 | ||
| 008 | 130813s1991 sp |||| | spa d | ||
| 100 | 0 |
_aFernández Ordóñez, José A. _949969 |
|
| 245 | 1 | 4 |
_a¿Un plumífero plagiario? _b: publicado en la Revista de Obras Públicas, abril de 1991, pp. 19-32 / _cJose A. Fernández Ordóñez y David Fernández Ordóñez ; Comentarios por Ángel del Campo, José A. García-Diego... [et al.] ; contestación de Jose A. Fernández Ordóñez y David Fernández Ordóñez ; publicado en la Revista de Obras Públicas, noviembre de 1991, pp. 43-53. |
| 260 |
_a[Madrid : _bRevista de Obras Públicas, _c1991?] |
||
| 300 |
_aP. 19-32, 43-53 : _bil. ; _c27 cm. |
||
| 595 | _aSeparata de: Revista de Obras Públicas, abril (p. 19-32) y noviembre (p. 43-53) de 1991. | ||
| 600 | 1 | 4 |
_aLastanosa, Pedro Juan de. _9149116 |
| 650 | 0 | 4 |
_aIngeniería mecánica- _vObras anteriores a 1800 _913779 |
| 700 | 1 |
_aFernández Ordoñez, David. _9153230 |
|
| 700 | 1 |
_aCampo y Francés, Angel del. _9151640 |
|
| 852 |
_aES-MaACL _j2324-F-1 |
||
| 999 |
_c182418 _d182418 |
||